[Event "GER-ch Youth U14 2019"]
[Site "Willingen"]
[Date "2019.06.13"]
[Round "7.21"]
[White "Divry, Alexandre"]
[Black "Rockmann, Enno"]
[Result "1-0"]
[WhiteElo "1654"]
[BlackElo "1527"]
[Annotator "NA"]
[PlyCount "50"]
[EventDate "2019.06.07"]
[EventType "swiss"]
[EventRounds "9"]
[EventCountry "GER"]
[SourceTitle "playchess.com"]
[Source "ChessBase"]
[SourceQuality "1"]
[TimeControl "40/5400+30:1800+30"]

1. e4 {[%emt 0:00:00]} e6 {[%emt 0:00:00]} 2. d4 {[%emt 0:00:00]} d5 {[%emt 0:00:00]} 3. Nd2 {[%emt 0:00:00]} c5 {[%emt 0:00:18]} 4. Ngf3 {[%emt 0:00:00]} Nc6 {[%emt 0:00:12]} 5. exd5 {[%emt 0:02:22]} exd5 {[%emt 0:04:12]} 6. Bb5 {[%emt 0:01:40]} Qe7+ {[%emt 0:01:49]} 7. Qe2 {[%emt 0:02:48]} Qxe2+ {[%emt 0:00:05]} 8. Bxe2 {[%emt 0:00:02]} cxd4 {[%emt 0:00:26]} 9. Nb3 {[%emt 0:00:26]} Bb4+ {[%emt 0:00:25]} 10. Bd2 {[%emt 0:00:30]} Bf5 {[%emt 0:00:40]} 11. Nbxd4 {[%emt 0:01:42]} Bxd2+ {[%emt 0:00:11]} 12. Kxd2 {[%emt 0:00:07]} Bg6 {[%emt 0:00:13]} 13. Bb5 {[%emt 0:11:02]} Nge7 {[%emt 0:00:19]} 14. Ne5 {[%emt 0:03:24]} O-O {[%emt 0:00:07]} 15. Nexc6 {[%emt 0:02:22]} Nxc6 {[%emt 0:00:19]} 16. Bxc6 {[%emt 0:01:31]} bxc6 {[%emt 0:00:08]} 17. Nxc6 {[%emt 0:00:02]} Rfe8 {[%emt 0:00:44]} 18. c3 {[%emt 0:01:30]} Re6 {[%emt 0:00:31]} 19. Nd4 {[%emt 0:00:14]} Rb6 {[%emt 0:00:18]} 20. b4 {[%emt 0:01:17]} a5 {[%emt 0:00:23]} 21. a3 {[%emt 0:00:11]} Re8 {[%emt 0:01:38]} 22. Rhe1 {[%emt 0:00:33]} f6 {[%emt 0:02:15]} 23. Rxe8+ {[%emt 0:00:33]} Bxe8 {[%emt 0:00:01]} 24. Re1 {[%emt 0:00:24]} Bg6 {[%emt 0:00:36]} 25. Re6 {[%emt 0:00:27]} Rb8 {[%emt 0:01:07] normal} 1-0

[Event "GER-ch Youth U14 2019"]
[Site "Willingen"]
[Date "2019.06.13"]
[Round "7.22"]
[White "Wellssow, Keoki"]
[Black "Straub, Benno"]
[Result "1-0"]
[WhiteElo "1509"]
[BlackElo "1490"]
[Annotator "NA"]
[PlyCount "82"]
[EventDate "2019.06.07"]
[EventType "swiss"]
[EventRounds "9"]
[EventCountry "GER"]
[SourceTitle "playchess.com"]
[Source "ChessBase"]
[SourceQuality "1"]
[TimeControl "40/5400+30:1800+30"]

1. c4 {[%emt 0:00:00]} Nf6 {[%emt 0:00:00]} 2. g3 {[%emt 0:00:00]} e6 {[%emt 0:00:00]} 3. Bg2 {[%emt 0:00:56]} d5 {[%emt 0:00:00]} 4. Nf3 {[%emt 0:00:44]} Be7 {[%emt 0:00:30]} 5. O-O {[%emt 0:01:12]} O-O {[%emt 0:00:04]} 6. b3 {[%emt 0:01:06]} c6 {[%emt 0:00:15]} 7. Bb2 {[%emt 0:02:34]} Nbd7 {[%emt 0:00:12]} 8. d3 {[%emt 0:11:47]} Qc7 {[%emt 0:00:54]} 9. e3 {[%emt 0:04:17]} b6 {[%emt 0:00:22]} 10. Qe2 {[%emt 0:04:21]} Bb7 {[%emt 0:00:59]} 11. Nc3 {[%emt 0:02:51]} Nc5 {[%emt 0:01:37]} 12. b4 {[%emt 0:06:30]} Ncd7 {[%emt 0:00:48]} 13. a3 {[%emt 0:00:21]} a5 {[%emt 0:01:41]} 14. bxa5 {[%emt 0:05:12]} Rxa5 {[%emt 0:00:12]} 15. cxd5 {[%emt 0:01:48]} exd5 {[%emt 0:00:31]} 16. e4 {[%emt 0:03:14]} d4 {[%emt 0:01:45]} 17. Nxd4 {[%emt 0:02:50]} Rfa8 {[%emt 0:00:22]} 18. Rfc1 {[%emt 0:09:22]} Qd8 {[%emt 0:05:55]} 19. e5 {[%emt 0:16:33]} Nd5 {[%emt 0:00:19]} 20. Nxd5 {[%emt 0:01:57]} cxd5 {[%emt 0:00:18]} 21. e6 {[%emt 0:06:38]} Nc5 {[%emt 0:00:58]} 22. Qg4 {[%emt 0:07:30]} Bf6 {[%emt 0:00:33]} 23. e7 {[%emt 0:07:14]} Qxe7 {[%emt 0:00:33]} 24. Nf5 {[%emt 0:01:33]} Qe6 {[%emt 0:00:58]} 25. Re1 {[%emt 0:00:39]} h5 {[%emt 0:00:37]} 26. Qxh5 {[%emt 0:00:57]} Bxb2 {[%emt 0:02:32]} 27. Ne7+ {[%emt 0:00:42]} Qxe7 {[%emt 0:00:57]} 28. Rxe7 {[%emt 0:00:20]} Bxa1 {[%emt 0:00:06]} 29. Qxf7+ {[%emt 0:00:33]} Kh7 {[%emt 0:00:51]} 30. Qh5+ {[%emt 0:00:38]} Kg8 {[%emt 0:00:07]} 31. Bxd5+ {[%emt 0:00:31]} Bxd5 {[%emt 0:00:14]} 32. Qxd5+ {[%emt 0:00:07]} Kh7 {[%emt 0:00:09]} 33. d4 {[%emt 0:00:40]} Na4 {[%emt 0:01:51]} 34. Qe4+ {[%emt 0:00:46]} Kh8 {[%emt 0:00:23]} 35. Qh4+ {[%emt 0:00:32]} Kg8 {[%emt 0:00:10]} 36. Qf4 {[%emt 0:00:32]} Rf8 {[%emt 0:01:11]} 37. Qg4 {[%emt 0:00:30]} Rf7 {[%emt 0:00:58]} 38. Re8+ {[%emt 0:00:23]} Kh7 {[%emt 0:00:23]} 39. d5 {[%emt 0:00:35]} Rf6 {[%emt 0:02:00]} 40. Qh5+ {[%emt 0:00:28]} Rh6 {[%emt 0:00:11]} 41. Qf5+ {[%emt 0:03:29]} Rg6 {[%emt 0:01:00] normal} 1-0

[Event "GER-ch Youth U14 2019"]
[Site "Willingen"]
[Date "2019.06.14"]
[Round "8.1"]
[White "Bethke, Richard"]
[Black "Weihrauch, Jakob"]
[Result "1/2-1/2"]
[WhiteElo "2246"]
[BlackElo "2158"]
[Annotator "NA"]
[PlyCount "68"]
[EventDate "2019.06.07"]
[EventType "swiss"]
[EventRounds "9"]
[EventCountry "GER"]
[SourceTitle "playchess.com"]
[Source "ChessBase"]
[SourceQuality "1"]
[TimeControl "40/5400+30:1800+30"]

1. e4 {[%emt 0:00:00]} e5 {[%emt 0:00:00]} 2. Nf3 {[%emt 0:00:00]} Nc6 {[%emt 0:00:00]} 3. Bb5 {[%emt 0:00:03]} a6 {[%emt 0:00:00]} 4. Bxc6 {[%emt 0:00:05]} dxc6 {[%emt 0:00:00]} 5. O-O {[%emt 0:00:07]} Bg4 {[%emt 0:03:18]} 6. h3 {[%emt 0:00:08]} Bxf3 {[%emt 0:00:09]} 7. Qxf3 {[%emt 0:00:05]} Qd7 {[%emt 0:01:30]} 8. d3 {[%emt 0:01:35]} Bc5 {[%emt 0:02:56]} 9. Nd2 {[%emt 0:01:21]} O-O-O {[%emt 0:02:59]} 10. a4 {[%emt 0:03:36]} h5 {[%emt 0:04:32]} 11. Nc4 {[%emt 0:06:10]} f6 {[%emt 0:01:47]} 12. Be3 {[%emt 0:01:32]} Bxe3 {[%emt 0:01:25]} 13. Qxe3 {[%emt 0:00:45]} Qd4 {[%emt 0:03:21]} 14. b4 {[%emt 0:02:51]} Qxe3 {[%emt 0:01:35]} 15. fxe3 {[%emt 0:02:32]} Nh6 {[%emt 0:03:04]} 16. Rf2 {[%emt 0:09:11]} Nf7 {[%emt 0:04:10]} 17. Na5 {[%emt 0:02:26]} Rd6 {[%emt 0:02:21]} 18. Nb3 {[%emt 0:00:08]} b6 {[%emt 0:02:19]} 19. a5 {[%emt 0:00:48]} Kb7 {[%emt 0:00:23]} 20. axb6 {[%emt 0:01:45]} cxb6 {[%emt 0:00:02]} 21. Ra3 {[%emt 0:00:40]} Ng5 {[%emt 0:07:07]} 22. Rf1 {[%emt 0:01:49]} Ra8 {[%emt 0:07:37]} 23. Rb1 {[%emt 0:00:46]} Rdd8 {[%emt 0:02:55]} 24. Kf2 {[%emt 0:03:07]} Ne6 {[%emt 0:03:22]} 25. Ke2 {[%emt 0:00:55]} Kc7 {[%emt 0:02:02]} 26. Rba1 {[%emt 0:00:24]} Kb7 {[%emt 0:00:08]} 27. Kd2 {[%emt 0:07:23]} Rdc8 {[%emt 0:08:55]} 28. d4 {[%emt 0:24:21]} Rd8 {[%emt 0:01:50]} 29. c3 {[%emt 0:00:24]} exd4 {[%emt 0:08:02]} 30. exd4 {[%emt 0:00:18]} Re8 {[%emt 0:03:10]} 31. h4 {[%emt 0:05:03]} g5 {[%emt 0:06:52]} 32. Rh1 {[%emt 0:04:06]} Rg8 {[%emt 0:01:55]} 33. g3 {[%emt 0:02:02] normal} gxh4 {[%emt 0:00:58]} 34. Rxh4 {[%emt 0:00:11]} Rxg3 {[%emt 0:01:21] normal} 1/2-1/2

[Event "GER-ch Youth U14 2019"]
[Site "Willingen"]
[Date "2019.06.14"]
[Round "8.2"]
[White "Krastev, Alexander"]
[Black "Gallasch, Jonas"]
[Result "1-0"]
[WhiteElo "2344"]
[BlackElo "2137"]
[Annotator "NA"]
[PlyCount "94"]
[EventDate "2019.06.07"]
[EventType "swiss"]
[EventRounds "9"]
[EventCountry "GER"]
[SourceTitle "playchess.com"]
[Source "ChessBase"]
[SourceQuality "1"]
[TimeControl "40/5400+30:1800+30"]

1. e4 {[%emt 0:00:00]} e5 {[%emt 0:00:00]} 2. Bc4 {[%emt 0:02:26]} Nc6 {[%emt 0:00:20]} 3. Nc3 {[%emt 0:00:11]} Bc5 {[%emt 0:02:53]} 4. Qg4 {[%emt 0:08:19]} g6 {[%emt 0:07:33]} 5. Qf3 {[%emt 0:07:24]} Nf6 {[%emt 0:07:43]} 6. Nge2 {[%emt 0:04:38]} Be7 {[%emt 0:22:19]} 7. Nd5 {[%emt 0:15:50]} O-O {[%emt 0:07:38]} 8. Nxe7+ {[%emt 0:13:55]} Qxe7 {[%emt 0:00:07]} 9. d3 {[%emt 0:00:03]} d6 {[%emt 0:05:34]} 10. Bg5 {[%emt 0:03:54]} Kg7 {[%emt 0:00:12]} 11. Qe3 {[%emt 0:00:11]} Re8 {[%emt 0:02:29]} 12. f3 {[%emt 0:06:01]} Be6 {[%emt 0:04:36]} 13. O-O-O {[%emt 0:00:31]} Nd8 {[%emt 0:12:54]} 14. h4 {[%emt 0:03:29]} Bxc4 {[%emt 0:03:48]} 15. dxc4 {[%emt 0:00:52]} Ne6 {[%emt 0:00:11]} 16. Nc3 {[%emt 0:04:27]} c6 {[%emt 0:02:25]} 17. g4 {[%emt 0:03:18]} Rad8 {[%emt 0:09:01]} 18. Rh2 {[%emt 0:01:02]} Nxg5 {[%emt 0:03:05]} 19. hxg5 {[%emt 0:01:36]} Nd7 {[%emt 0:00:05]} 20. Rdh1 {[%emt 0:06:07]} Rh8 {[%emt 0:02:29]} 21. Kb1 {[%emt 0:14:18]} a6 {[%emt 0:01:21]} 22. Ne2 {[%emt 0:00:59]} Nf8 {[%emt 0:01:19]} 23. Ng1 {[%emt 0:00:29]} Ne6 {[%emt 0:00:21]} 24. Nh3 {[%emt 0:00:03]} Kg8 {[%emt 0:01:43]} 25. Rd2 {[%emt 0:00:43]} Kg7 {[%emt 0:01:03]} 26. Rhd1 {[%emt 0:00:10]} Rd7 {[%emt 0:00:22]} 27. Qc3 {[%emt 0:01:35]} Nxg5 {[%emt 0:01:14]} 28. Nxg5 {[%emt 0:00:14]} Qxg5 {[%emt 0:00:01]} 29. c5 {[%emt 0:00:16]} Rhd8 {[%emt 0:00:41]} 30. cxd6 {[%emt 0:00:59]} Qf6 {[%emt 0:00:30]} 31. Qc5 {[%emt 0:00:51]} Kg8 {[%emt 0:00:44]} 32. Rd3 {[%emt 0:00:13]} Qe6 {[%emt 0:00:34]} 33. a4 {[%emt 0:00:14]} h5 {[%emt 0:00:41]} 34. gxh5 {[%emt 0:00:30]} gxh5 {[%emt 0:00:03]} 35. f4 {[%emt 0:00:47]} Re8 {[%emt 0:00:31]} 36. Qg1+ {[%emt 0:00:49]} Kh8 {[%emt 0:00:22]} 37. f5 {[%emt 0:00:28]} Qh6 {[%emt 0:00:25]} 38. Qh2 {[%emt 0:00:09]} f6 {[%emt 0:00:59]} 39. Rh3 {[%emt 0:00:49]} Rh7 {[%emt 0:00:06]} 40. a5 {[%emt 0:00:36]} Rd8 {[%emt 0:00:52]} 41. c4 {[%emt 0:07:14]} c5 {[%emt 0:07:31]} 42. Qf2 {[%emt 0:03:24]} Qf4 {[%emt 0:03:47]} 43. Qxf4 {[%emt 0:06:39]} exf4 {[%emt 0:00:28]} 44. Kc2 {[%emt 0:01:33]} Kg8 {[%emt 0:00:59]} 45. b4 {[%emt 0:00:46]} Rhd7 {[%emt 0:03:20]} 46. bxc5 {[%emt 0:00:42]} Re8 {[%emt 0:01:34]} 47. Rg1+ {[%emt 0:01:10]} Rg7 {[%emt 0:00:55] normal} 1-0

[Event "GER-ch Youth U14 2019"]
[Site "Willingen"]
[Date "2019.06.14"]
[Round "8.3"]
[White "Farokhi, Keyvan"]
[Black "Pubantz, Jan"]
[Result "0-1"]
[WhiteElo "1963"]
[BlackElo "2192"]
[Annotator "NA"]
[PlyCount "45"]
[EventDate "2019.06.07"]
[EventType "swiss"]
[EventRounds "9"]
[EventCountry "GER"]
[SourceTitle "playchess.com"]
[Source "ChessBase"]
[SourceQuality "1"]
[TimeControl "40/5400+30:1800+30"]

1. e4 {[%emt 0:00:00]} c5 {[%emt 0:00:00]} 2. Nf3 {[%emt 0:00:00]} d6 {[%emt 0:00:00]} 3. d4 {[%emt 0:00:00]} cxd4 {[%emt 0:00:00]} 4. Nxd4 {[%emt 0:00:00]} Nf6 {[%emt 0:00:00]} 5. Nc3 {[%emt 0:00:00]} a6 {[%emt 0:00:01]} 6. Nb3 {[%emt 0:00:00]} e6 {[%emt 0:01:50]} 7. g4 {[%emt 0:00:05]} b5 {[%emt 0:02:07]} 8. Bg2 {[%emt 0:00:34]} Nfd7 {[%emt 0:10:57]} 9. g5 {[%emt 0:05:30]} Be7 {[%emt 0:06:07]} 10. f4 {[%emt 0:00:12]} Bb7 {[%emt 0:06:57]} 11. a3 {[%emt 0:00:29]} h6 {[%emt 0:03:38]} 12. h4 {[%emt 0:07:14]} Nc6 {[%emt 0:10:48]} 13. Be3 {[%emt 0:05:20]} Nb6 {[%emt 0:02:42]} 14. Nd2 {[%emt 0:22:08]} Na5 {[%emt 0:08:14]} 15. Bd4 {[%emt 0:01:24]} hxg5 {[%emt 0:12:33]} 16. hxg5 {[%emt 0:00:42]} Rxh1+ {[%emt 0:00:13]} 17. Bxh1 {[%emt 0:00:02]} e5 {[%emt 0:02:14]} 18. fxe5 {[%emt 0:05:05]} Bxg5 {[%emt 0:07:59]} 19. Nf3 {[%emt 0:06:48]} Bf4 {[%emt 0:02:13]} 20. exd6 {[%emt 0:00:49]} Qxd6 {[%emt 0:02:17]} 21. Bxg7 {[%emt 0:08:31]} Qg6 {[%emt 0:00:32]} 22. Bd4 {[%emt 0:00:15]} Rd8 {[%emt 0:04:09] normal} 23. Nd5 {[%emt 0:06:30] normal} 0-1

[Event "GER-ch Youth U14 2019"]
[Site "Willingen"]
[Date "2019.06.14"]
[Round "8.4"]
[White "Colbow, Collin"]
[Black "Lutz, Ruben"]
[Result "1/2-1/2"]
[WhiteElo "2169"]
[BlackElo "2055"]
[Annotator "NA"]
[PlyCount "81"]
[EventDate "2019.06.07"]
[EventType "swiss"]
[EventRounds "9"]
[EventCountry "GER"]
[SourceTitle "playchess.com"]
[Source "ChessBase"]
[SourceQuality "1"]
[TimeControl "40/5400+30:1800+30"]

1. e4 {[%emt 0:00:00]} e6 {[%emt 0:00:00]} 2. d4 {[%emt 0:00:00]} d5 {[%emt 0:00:00]} 3. Nd2 {[%emt 0:00:00]} Nf6 {[%emt 0:00:00]} 4. e5 {[%emt 0:00:00]} Nfd7 {[%emt 0:00:00]} 5. Bd3 {[%emt 0:00:00]} c5 {[%emt 0:00:06]} 6. c3 {[%emt 0:00:00]} Nc6 {[%emt 0:00:08]} 7. Ne2 {[%emt 0:00:03]} cxd4 {[%emt 0:00:07]} 8. cxd4 {[%emt 0:00:08]} f6 {[%emt 0:00:08]} 9. exf6 {[%emt 0:00:04]} Nxf6 {[%emt 0:00:05]} 10. O-O {[%emt 0:00:06]} Bd6 {[%emt 0:00:06]} 11. Nf3 {[%emt 0:00:04]} Qc7 {[%emt 0:00:08]} 12. h3 {[%emt 0:00:10]} O-O {[%emt 0:01:29]} 13. Be3 {[%emt 0:00:42]} Bd7 {[%emt 0:04:04]} 14. Re1 {[%emt 0:00:42]} Rae8 {[%emt 0:01:44]} 15. Nc3 {[%emt 0:09:35]} a6 {[%emt 0:01:00]} 16. Rc1 {[%emt 0:03:25]} Qb8 {[%emt 0:19:25]} 17. Na4 {[%emt 0:04:04]} e5 {[%emt 0:08:26]} 18. dxe5 {[%emt 0:01:28]} Nxe5 {[%emt 0:00:19]} 19. Nxe5 {[%emt 0:01:01]} Bxe5 {[%emt 0:00:14]} 20. Nc5 {[%emt 0:00:56]} Bc6 {[%emt 0:29:23]} 21. Nxa6 {[%emt 0:08:11]} Qa8 {[%emt 0:00:05]} 22. Nb4 {[%emt 0:08:47]} Bxb2 {[%emt 0:00:55]} 23. Rb1 {[%emt 0:03:03]} Bc3 {[%emt 0:00:22]} 24. Re2 {[%emt 0:03:22]} Ba4 {[%emt 0:08:46]} 25. Qc1 {[%emt 0:16:22]} Rc8 {[%emt 0:03:22]} 26. Qa3 {[%emt 0:01:48]} Bd7 {[%emt 0:10:19]} 27. Qb3 {[%emt 0:02:44]} Ba4 {[%emt 0:00:19]} 28. Qa3 {[%emt 0:00:22]} Bd7 {[%emt 0:00:04]} 29. Qxa8 {[%emt 0:00:24]} Rxa8 {[%emt 0:00:04]} 30. Bg5 {[%emt 0:05:25]} Bxb4 {[%emt 0:07:20]} 31. Rxb4 {[%emt 0:00:58]} Bc6 {[%emt 0:00:04]} 32. f3 {[%emt 0:07:19]} h6 {[%emt 0:01:12]} 33. Bxf6 {[%emt 0:02:18]} Rxf6 {[%emt 0:00:28]} 34. Bc2 {[%emt 0:02:15]} Kf7 {[%emt 0:01:11]} 35. Bb3 {[%emt 0:00:22]} Re8 {[%emt 0:02:13]} 36. Rxe8 {[%emt 0:03:08]} Kxe8 {[%emt 0:00:04]} 37. Kf2 {[%emt 0:00:43]} Kd7 {[%emt 0:00:37]} 38. Rg4 {[%emt 0:03:13]} g5 {[%emt 0:01:17]} 39. h4 {[%emt 0:01:16]} gxh4 40. Ke3 {[%emt 0:03:52]} Kd6 {[%emt 0:03:18] normal} 41. Rxh4 {[%emt 0:38:00] normal} 1/2-1/2

[Event "GER-ch Youth U14 2019"]
[Site "Willingen"]
[Date "2019.06.14"]
[Round "8.5"]
[White "Eilenberg, Jonas"]
[Black "Bui, Bao Anh Le"]
[Result "1/2-1/2"]
[WhiteElo "1934"]
[BlackElo "2065"]
[Annotator "NA"]
[PlyCount "47"]
[EventDate "2019.06.07"]
[EventType "swiss"]
[EventRounds "9"]
[EventCountry "GER"]
[SourceTitle "playchess.com"]
[Source "ChessBase"]
[SourceQuality "1"]
[TimeControl "40/5400+30:1800+30"]

1. d4 {[%emt 0:00:00]} d5 {[%emt 0:00:00]} 2. c4 {[%emt 0:00:00]} e6 {[%emt 0:00:00]} 3. Nf3 {[%emt 0:00:00]} Nf6 {[%emt 0:00:27]} 4. Nc3 {[%emt 0:00:00]} Be7 {[%emt 0:03:56]} 5. Bg5 {[%emt 0:00:24]} Nbd7 {[%emt 0:00:22]} 6. cxd5 {[%emt 0:00:15]} exd5 {[%emt 0:00:44]} 7. e3 {[%emt 0:00:16]} h6 {[%emt 0:00:30]} 8. Bf4 {[%emt 0:00:07]} O-O {[%emt 0:04:19]} 9. Bd3 {[%emt 0:00:53]} c6 {[%emt 0:01:01]} 10. h3 {[%emt 0:01:24]} Re8 {[%emt 0:05:41]} 11. O-O {[%emt 0:02:28]} Bb4 {[%emt 0:13:56]} 12. Qb3 {[%emt 0:07:46]} Qe7 {[%emt 0:01:28]} 13. a3 {[%emt 0:01:49]} Bd6 {[%emt 0:04:12]} 14. Bxd6 {[%emt 0:02:36]} Qxd6 {[%emt 0:00:09]} 15. Qc2 {[%emt 0:05:29]} a5 {[%emt 0:05:44]} 16. Ne2 {[%emt 0:06:09]} b6 {[%emt 0:10:53]} 17. Nh4 {[%emt 0:10:27]} Bb7 {[%emt 0:11:17]} 18. Nf5 {[%emt 0:02:46]} Qf8 {[%emt 0:00:15]} 19. Nf4 {[%emt 0:02:46]} Rac8 {[%emt 0:00:27]} 20. Qb3 {[%emt 0:13:31]} Ne4 {[%emt 0:06:48]} 21. Bxe4 {[%emt 0:01:17]} Rxe4 {[%emt 0:00:49]} 22. f3 {[%emt 0:01:44]} Ree8 {[%emt 0:00:11]} 23. e4 {[%emt 0:00:12] normal} g6 {[%emt 0:02:25]} 24. Ng3 {[%emt 0:00:07] normal} 1/2-1/2

[Event "GER-ch Youth U14 2019"]
[Site "Willingen"]
[Date "2019.06.14"]
[Round "8.6"]
[White "Chassard, Cedric"]
[Black "Musiolik, David"]
[Result "0-1"]
[WhiteElo "1772"]
[BlackElo "2132"]
[Annotator "NA"]
[PlyCount "77"]
[EventDate "2019.06.07"]
[EventType "swiss"]
[EventRounds "9"]
[EventCountry "GER"]
[SourceTitle "playchess.com"]
[Source "ChessBase"]
[SourceQuality "1"]
[TimeControl "40/5400+30:1800+30"]

1. e4 {[%emt 0:00:00]} e6 {[%emt 0:00:00]} 2. d4 {[%emt 0:00:00]} d5 {[%emt 0:00:00]} 3. Nd2 {[%emt 0:00:00]} Nf6 {[%emt 0:00:00]} 4. e5 {[%emt 0:00:00]} Nfd7 {[%emt 0:00:04]} 5. c3 {[%emt 0:00:00]} c5 {[%emt 0:00:49]} 6. Bd3 {[%emt 0:00:00]} Nc6 {[%emt 0:00:12]} 7. Ne2 {[%emt 0:00:00]} cxd4 {[%emt 0:00:29]} 8. cxd4 {[%emt 0:00:00]} f6 {[%emt 0:00:32]} 9. exf6 {[%emt 0:00:00]} Nxf6 {[%emt 0:00:09]} 10. O-O Bd6 {[%emt 0:02:11]} 11. Nf3 {[%emt 0:00:27]} Qc7 {[%emt 0:00:06]} 12. h3 {[%emt 0:00:17]} O-O {[%emt 0:00:26]} 13. Re1 {[%emt 0:00:15]} Bd7 {[%emt 0:10:18]} 14. Be3 {[%emt 0:00:06]} a6 {[%emt 0:02:58]} 15. Rc1 {[%emt 0:00:28]} Rae8 {[%emt 0:10:36]} 16. Nc3 {[%emt 0:01:28]} Qb8 {[%emt 0:19:30]} 17. Bb1 {[%emt 0:04:29]} Re7 {[%emt 0:01:37]} 18. Qd3 {[%emt 0:05:26]} Be8 {[%emt 0:02:13]} 19. Nh4 {[%emt 0:12:39]} Qc7 {[%emt 0:12:56]} 20. a3 {[%emt 0:10:05]} b5 {[%emt 0:02:11]} 21. b4 {[%emt 0:01:25]} Kh8 {[%emt 0:02:46]} 22. Re2 {[%emt 0:06:54]} Bf4 {[%emt 0:06:48]} 23. Rce1 {[%emt 0:05:05]} Bf7 {[%emt 0:01:55]} 24. Kh1 {[%emt 0:13:25]} Rfe8 {[%emt 0:04:30]} 25. g3 {[%emt 0:05:07]} Bxe3 {[%emt 0:01:08]} 26. Rxe3 {[%emt 0:00:31]} e5 {[%emt 0:04:20]} 27. dxe5 {[%emt 0:08:26]} Nxe5 {[%emt 0:01:24]} 28. Qd1 {[%emt 0:02:30]} Qd7 {[%emt 0:04:29]} 29. Bf5 {[%emt 0:05:58]} Qd6 {[%emt 0:03:15]} 30. Bb1 {[%emt 0:08:16]} d4 {[%emt 0:03:18]} 31. R3e2 {[%emt 0:00:39]} Qc6+ {[%emt 0:01:20]} 32. Ne4 {[%emt 0:00:09]} Bc4 {[%emt 0:00:55]} 33. Rd2 {[%emt 0:01:36]} d3 {[%emt 0:01:28]} 34. f3 {[%emt 0:02:17]} Nxf3 {[%emt 0:00:29]} 35. Qxf3 {[%emt 0:00:31]} Nxe4 {[%emt 0:00:33]} 36. Kh2 {[%emt 0:00:36]} Rf7 {[%emt 0:00:43]} 37. Qg2 {[%emt 0:01:13]} Qa8 {[%emt 0:00:59]} 38. Rdd1 {[%emt 0:02:35]} Rf2 {[%emt 0:00:26] normal} 39. Ng6+ {[%emt 0:01:05] normal} 0-1

[Event "GER-ch Youth U14 2019"]
[Site "Willingen"]
[Date "2019.06.14"]
[Round "8.7"]
[White "Arakelian, Aik"]
[Black "Laux, Dominik"]
[Result "0-1"]
[WhiteElo "1911"]
[BlackElo "2061"]
[Annotator "NA"]
[PlyCount "57"]
[EventDate "2019.06.07"]
[EventType "swiss"]
[EventRounds "9"]
[EventCountry "GER"]
[SourceTitle "playchess.com"]
[Source "ChessBase"]
[SourceQuality "1"]
[TimeControl "40/5400+30:1800+30"]

1. e4 {[%emt 0:00:00]} c6 {[%emt 0:00:00]} 2. Nf3 {[%emt 0:00:00]} d5 {[%emt 0:00:00]} 3. Nc3 {[%emt 0:00:00]} Bg4 {[%emt 0:00:04]} 4. h3 {[%emt 0:00:10]} Bxf3 {[%emt 0:00:05]} 5. gxf3 {[%emt 0:00:09]} e6 {[%emt 0:02:04]} 6. d4 {[%emt 0:00:15]} Nf6 {[%emt 0:02:18]} 7. Be3 {[%emt 0:04:08]} Bb4 {[%emt 0:04:29]} 8. Qd3 {[%emt 0:00:35]} Qa5 {[%emt 0:04:27]} 9. Bd2 {[%emt 0:08:27]} O-O {[%emt 0:11:04]} 10. Rg1 {[%emt 0:04:34]} Rc8 {[%emt 0:05:56]} 11. a3 {[%emt 0:06:23]} Nbd7 {[%emt 0:08:52]} 12. Rb1 {[%emt 0:03:41]} Bxc3 {[%emt 0:02:01]} 13. Bxc3 {[%emt 0:00:08]} Qc7 {[%emt 0:01:35]} 14. e5 {[%emt 0:01:36]} Nh5 {[%emt 0:07:31]} 15. Qe3 {[%emt 0:04:41]} g6 {[%emt 0:03:13]} 16. Bd2 {[%emt 0:02:43]} c5 {[%emt 0:06:01]} 17. c3 {[%emt 0:03:00]} Ng7 {[%emt 0:02:38]} 18. Bd3 {[%emt 0:00:23]} Rab8 {[%emt 0:07:12]} 19. h4 {[%emt 0:05:08]} b5 {[%emt 0:07:15]} 20. Qh6 {[%emt 0:04:26]} Nf5 {[%emt 0:04:49]} 21. Bxf5 {[%emt 0:01:26]} exf5 {[%emt 0:00:05]} 22. h5 {[%emt 0:01:55]} Rb6 {[%emt 0:02:51]} 23. Rh1 {[%emt 0:03:02]} Nf8 {[%emt 0:01:01]} 24. Bg5 {[%emt 0:00:46]} Ne6 {[%emt 0:02:09]} 25. Bf6 {[%emt 0:04:49]} cxd4 {[%emt 0:01:07]} 26. cxd4 {[%emt 0:00:07]} Qc2 {[%emt 0:03:08]} 27. Rd1 {[%emt 0:02:03]} Rb7 {[%emt 0:01:02]} 28. Rh2 {[%emt 0:05:50]} f4 {[%emt 0:01:51] normal} 29. Rd2 {[%emt 0:10:45] normal} 0-1

[Event "GER-ch Youth U14 2019"]
[Site "Willingen"]
[Date "2019.06.14"]
[Round "8.8"]
[White "von Krosigk, Florian"]
[Black "Hetzner, Hannes"]
[Result "1/2-1/2"]
[WhiteElo "1926"]
[BlackElo "1996"]
[Annotator "NA"]
[PlyCount "69"]
[EventDate "2019.06.07"]
[EventType "swiss"]
[EventRounds "9"]
[EventCountry "GER"]
[SourceTitle "playchess.com"]
[Source "ChessBase"]
[SourceQuality "1"]
[TimeControl "40/5400+30:1800+30"]

1. e4 {[%emt 0:00:00]} e6 {[%emt 0:00:00]} 2. d4 {[%emt 0:00:00]} d5 {[%emt 0:00:00]} 3. Nd2 {[%emt 0:00:00]} c5 {[%emt 0:00:00]} 4. c3 {[%emt 0:03:10]} cxd4 {[%emt 0:00:00]} 5. cxd4 {[%emt 0:00:03]} dxe4 {[%emt 0:00:01]} 6. Nxe4 {[%emt 0:02:36]} Nf6 {[%emt 0:00:21]} 7. Nc3 {[%emt 0:05:09]} Nc6 {[%emt 0:03:12]} 8. Nf3 {[%emt 0:01:51]} b6 {[%emt 0:06:48]} 9. Bb5 {[%emt 0:01:43]} Bb7 {[%emt 0:11:30]} 10. Ne5 {[%emt 0:02:39]} Rc8 {[%emt 0:03:50]} 11. Qf3 {[%emt 0:02:52]} Qc7 {[%emt 0:04:28]} 12. Bg5 {[%emt 0:14:17]} Be7 {[%emt 0:06:36]} 13. Ne4 {[%emt 0:01:08]} Bb4+ {[%emt 0:08:39]} 14. Kf1 {[%emt 0:15:05]} Nxe4 {[%emt 0:04:36]} 15. Qxe4 {[%emt 0:01:11]} O-O {[%emt 0:02:39]} 16. Bxc6 {[%emt 0:08:51]} Bxc6 {[%emt 0:01:34]} 17. Nxc6 {[%emt 0:03:04]} Qxc6 {[%emt 0:00:09]} 18. Qxc6 {[%emt 0:01:24]} Rxc6 {[%emt 0:00:05]} 19. a3 {[%emt 0:00:06]} f6 {[%emt 0:05:18]} 20. Be3 {[%emt 0:05:46]} Be7 {[%emt 0:00:30]} 21. g3 {[%emt 0:01:58]} f5 {[%emt 0:02:16]} 22. Kg2 {[%emt 0:01:38]} Bf6 {[%emt 0:02:05]} 23. Rhc1 {[%emt 0:09:09]} Rfc8 {[%emt 0:01:42]} 24. Rxc6 {[%emt 0:00:14]} Rxc6 {[%emt 0:00:08]} 25. Rd1 {[%emt 0:00:11]} Kf8 {[%emt 0:02:26]} 26. Rd2 {[%emt 0:03:10]} Ke7 {[%emt 0:03:21]} 27. Bf4 {[%emt 0:02:50]} g5 {[%emt 0:13:11]} 28. Bb8 {[%emt 0:01:33]} a6 {[%emt 0:07:46]} 29. Be5 {[%emt 0:01:26]} Rc8 {[%emt 0:05:15]} 30. f4 {[%emt 0:00:59]} Rd8 {[%emt 0:00:48]} 31. Rc2 {[%emt 0:01:16]} Bxe5 {[%emt 0:03:07]} 32. dxe5 {[%emt 0:00:04]} g4 {[%emt 0:00:29]} 33. Kf2 {[%emt 0:02:31]} Rd5 {[%emt 0:01:21]} 34. Ke2 {[%emt 0:03:44]} Kf8 35. Rc7 {normal} 1/2-1/2